[Event "EU-ch 17th"]
[Site "Gjakova"]
[Date "2016.05.16"]
[Round "5"]
[White "Stefansson, Hannes"]
[Black "Swiercz, Dariusz"]
[Result "1/2-1/2"]
[WhiteElo "2581"]
[BlackElo "2656"]
[Annotator "Baldauf,M"]
[PlyCount "54"]
[EventDate "2016.05.12"]
[EventType "swiss"]
[EventRounds "11"]
[EventCountry "KOS"]
[SourceTitle "CBM 173"]
[Source "ChessBase"]
[SourceDate "2016.07.12"]
[SourceVersion "1"]
[SourceVersionDate "2016.07.12"]
[SourceQuality "1"]

1. d4 Nf6 2. c4 g6 3. Nc3 d5 4. cxd5 Nxd5 5. Bd2 Nb6 6. Bg5 Bg7 7. e3 c5 $5 {
eine sehr konkrete Lösung - Schwarz opfert einen Bauern und gibt das
Läuferpaar auf - im Gegenzug ruiniert er die weiße Struktur am Damenflügel
vollständig} 8. dxc5 Bxc3+ 9. bxc3 Qxd1+ 10. Rxd1 N6d7 {Diagramm [#]} 11. e4 $6
(11. Bb5 $1 {gilt als der kritische Zug - Schwarz wird in seiner natürlichen
Entwicklung erst einmal behindert und gewinnt den Bauern nicht so problemlos
zurück} Nc6 12. Rd5 f6 13. Bf4 e6 14. Rd6 e5 15. Bg3 Ke7 16. Rd5 a6 17. Ba4 $14
{1-0 (58) Turov,M (2583)-Krasenkow,M (2624) Dagomys 2008}) 11... Nxc5 12. f3 b6
{so hat Schwarz meines Erachtens mindestens Ausgleich gesichert} 13. h4 f6 14.
Be3 Nbd7 15. Bb5 Ba6 16. a4 Bxb5 17. axb5 a6 18. bxa6 Rxa6 19. Ne2 Ra2 20. Rd2
Ra1+ 21. Rd1 {Diagramm [#]} Nd3+ $5 {Swiercz wählt hier einen phantastischen
Weg zum Remis} (21... Rxd1+ 22. Kxd1 Kf7 23. Kc2 Ra8 {Schwarz steht etwas
angenehmer auch wenn Weiß das Gleichgewicht halten sollte}) 22. Kd2 Ra2+ 23.
Kxd3 Ne5+ 24. Kd4 Ra4+ 25. Kd5 Ra5+ 26. Kd4 (26. Ke6 $4 Nd7 27. Rxd7 Re5#)
26... Ra4+ 27. Kd5 Ra5+ (27... Kf7 $1 28. Bxb6 $8 Rc8 29. Nd4 $8 Nc4 {mit der
Mattdrohung e6} 30. Nc6 Nxb6+ 31. Kc5 Rc4+ 32. Kxb6 R8xc6+ 33. Kb5 Rxc3 $15)
1/2-1/2

[Event "Bled op 17th"]
[Site "Bled"]
[Date "1996.??.??"]
[Round "5"]
[White "Beliavsky, Alexander G"]
[Black "Tukmakov, Vladimir B"]
[Result "1-0"]
[WhiteElo "2615"]
[BlackElo "2595"]
[Annotator "Beliavsky,A"]
[PlyCount "77"]
[EventDate "1996.03.??"]
[EventType "swiss"]
[EventRounds "9"]
[EventCountry "SLO"]
[SourceTitle "CBM 051 Extra"]
[Source "ChessBase"]
[SourceDate "1996.05.01"]
[SourceVersion "1"]
[SourceVersionDate "1996.05.01"]
[SourceQuality "1"]

1. d4 Nf6 2. c4 g6 3. Nc3 d5 4. cxd5 Nxd5 5. e4 Nxc3 6. bxc3 Bg7 7. Bb5+ c6 8.
Ba4 b5 9. Bb3 b4 10. Be3 bxc3 11. Ne2 Ba6 12. Rc1 Nd7 13. e5 Qa5 14. Qc2 (14.
e6 fxe6 15. Bxe6 Rd8 $1 16. Qb3 Nc5 (16... c5 17. Bf7+ Kf8 18. Nf4 $16) (16...
Rf8 $5 17. Qxc3 Qb5 18. Bc4 Qxc4 19. Qxc4 Bxc4 20. Rxc4 c5 21. dxc5 $140 $2 Ne5
) 17. dxc5 c2+ 18. Kf1 Qxa2 $1 19. Re1 $1 (19. f3 $2 Qxb3 20. Bxb3 Rd3 $17) (
19. g3 $2 Rd1+ 20. Kg2 Qxb3 21. Bxb3 Bxe2 $17) 19... Bxe2+ 20. Rxe2 (20. Kxe2
c1=N+ $1 $19) 20... Rd1+ 21. Re1 Qa6+ (21... Qb1 22. Ke2 $16) 22. Bc4 Rxe1+ 23.
Kxe1 Qa1+ 24. Kd2 Qxh1 25. Qb8+ Kd7 26. Qxa7+ Kd8 27. Qb8+ Kd7 28. Qb7+ Kd8 29.
Kxc2 Qa1 $10) 14... c5 15. f4 cxd4 16. Nxd4 $2 (16. Bxd4 Nc5 17. Bxc5 Qxc5 18.
Qxc3 Qxc3+ 19. Nxc3 $14 {Aseev-Dvoirys (St.Petersburg 1993)}) 16... Rc8 $1 (
16... Nc5 $2 17. Qxc3 Nxb3 (17... Nd3+ 18. Kd2 $16) 18. axb3 Qxc3+ 19. Rxc3 O-O
20. Kf2 $16 (20. Nc6 $16)) 17. Ba4 (17. Bxf7+ Kxf7 18. e6+ Ke8 19. exd7+ Kxd7
20. Kf2 Bxd4 21. Bxd4 (21. Rhd1 $2 e5 22. fxe5 Rhf8+ 23. Kg1 Rf1+ $1) 21...
Rhf8 22. g3 Bb7 23. Rhd1 Ke8 24. Qb3 c2 25. Rxc2 Rxc2+ 26. Qxc2 Qd5 $40) (17.
e6 Nc5 18. exf7+ Kf8 19. Ne6+ Nxe6 20. Bxe6 Rb8 21. f5 Rb2 22. Qe4 Re2+ $19)
17... Rc4 18. Bxd7+ Kxd7 19. Nb3 Qc7 20. Qd3+ Kc8 21. Nc5 Rd8 22. Qe2 Rd2 $2 (
22... Bb5 23. a4 Rd2 $1 (23... Rxc5 $2 24. axb5 Rcd5 25. O-O Rd3 26. Ra1 c2 27.
Rxa7 Qc3 28. b6 R8d7 29. Qf3 $18) 24. Qg4+ (24. Bxd2 cxd2+ 25. Qxd2 (25. Kxd2
Rxc1) 25... Qxc5 26. Rxc4 Bxc4 27. h4 f6 $17) 24... Bd7 $17) 23. Qg4+ e6 24.
Nxa6 Qa5 25. O-O Rd5 26. Qe2 (26. Qh4 Qxa6 27. Qxh7 Bf8 28. Qxf7 Bc5 29. Bxc5
Rcxc5 30. Qxg6 Qb6 $16) 26... Rc6 27. Nc5 Rdxc5 28. Bxc5 Qxc5+ 29. Kh1 Bf8 30.
Rfd1 Qc4 31. Qe3 Ba3 32. Rc2 Rc7 33. Qf3 Rc6 34. Qf2 Rc7 35. Rd4 Qc6 36. Qe2 h5
37. h4 Kb7 38. Qd3 Kc8 $2 (38... Bb2 39. Kg1 a6 40. Kf2 Qb5 41. Ke3 Qxd3+ 42.
Kxd3 $18) 39. Rxc3 $1 (39. Rxc3 Qxc3 40. Rd8+ Kb7 41. Qb5#) 1-0

[Event "HUN-chT 9798"]
[Site "Hungary"]
[Date "1997.??.??"]
[Round "?"]
[White "Beliavsky, Alexander G"]
[Black "Ruck, Robert"]
[Result "1-0"]
[WhiteElo "2620"]
[BlackElo "2450"]
[Annotator "Beliavsky,A"]
[PlyCount "73"]
[EventDate "1997.??.??"]
[EventType "team"]
[EventRounds "12"]
[EventCountry "HUN"]
[SourceTitle "CBM 058"]
[Source "ChessBase"]
[SourceDate "1997.06.01"]
[SourceVersion "1"]
[SourceVersionDate "1997.06.01"]
[SourceQuality "1"]

1. d4 Nf6 2. c4 g6 3. Nc3 d5 4. cxd5 Nxd5 5. e4 Nxc3 6. bxc3 Bg7 7. Nf3 c5 8.
Rb1 O-O 9. Be2 b6 10. O-O Bb7 11. d5 $5 (11. Qd3) 11... Bxc3 (11... e6 12. c4
Nd7) 12. Bc4 Nd7 $6 (12... Bg7 {/\Ba6} 13. Qe2 Qc8 $132) 13. Bf4 Bg7 14. Re1
Nf6 (14... Qc8 $5) 15. h3 Ne8 (15... Qc8 $13) 16. a4 $1 (16. e5 Nc7 17. d6 exd6
18. exd6 Ne6 19. Bxe6 fxe6 $17) 16... Nd6 17. Ba2 Rc8 18. e5 Nf5 19. Bc4 Nd4 $6
(19... Kh8 20. a5 f6) 20. Nxd4 cxd4 21. Qxd4 Qd7 $6 (21... Rc5 22. Rbd1 Qa8 $13
) 22. Bb3 Rfd8 23. Rbd1 Rc5 24. Bd2 $1 $16 a5 25. Bc1 Qc7 (25... Bxd5 26. Ba3
Bxb3 27. Qxd7 Rxd7 28. Rxd7 $18) 26. Ba3 Rc3 27. Rc1 Rxc1 (27... Bxe5 28. Rxc3
Qxc3 29. Qxe5 Qxb3 30. Bb2 f6 31. Qe6+ Kh8 32. Qxe7 $18) 28. Rxc1 Qxe5 29. Qxb6
Rd7 30. Qxa5 Qf5 31. Rd1 Be5 32. Bc1 $1 (32. Bxe7 Qf4 $40) (32. Qb5 Qf4 $40)
32... Kg7 33. Qb5 Rc7 34. Be3 $18 Qf6 35. Bc4 Bc8 36. a5 Bd7 37. Qb3 1-0

[Event "YUG-chT"]
[Site "Budva"]
[Date "1996.??.??"]
[Round "5"]
[White "Beliavsky, Alexander G"]
[Black "Tseshkovsky, Vitaly"]
[Result "1/2-1/2"]
[WhiteElo "2615"]
[BlackElo "2540"]
[Annotator "Beliavsky,A"]
[PlyCount "87"]
[EventDate "1996.??.??"]
[EventType "team"]
[EventRounds "6"]
[EventCountry "YUG"]
[SourceTitle "CBM 053"]
[Source "ChessBase"]
[SourceDate "1996.08.01"]
[SourceVersion "1"]
[SourceVersionDate "1996.08.01"]
[SourceQuality "1"]

1. d4 {Chekhov} Nf6 2. c4 g6 3. Nc3 d5 4. cxd5 Nxd5 5. e4 Nxc3 6. bxc3 Bg7 7.
Bb5+ c6 8. Ba4 a5 9. Be3 (9. a3 {Chekhov} Be6 10. Nf3 b5 11. Bb3 Bxb3 12. Qxb3
a4 $10 {Gleizerov,E-Ernst,T/Stockholm/1995/0,5/13/}) (9. Ne2 {Chekhov} b5 10.
Bc2 (10. Bb3 a4 11. Bc2 O-O 12. Ba3 Na6 13. O-O c5 14. Rb1 Rb8 15. dxc5 Qc7 16.
Qd3 Rd8 17. Qe3 Be6 $146 {Korchnoi,V-Gulko,B/Beer-Sheva/1993/0,5/36/}) 10...
O-O 11. O-O Ba6 12. Be3 c5 13. dxc5 Nc6 14. Qxd8 Rfxd8 15. Rfd1 Rac8 $44 {
Atalik,S-Ftacnik,L/Moscow(olm)/1994/0,5/16/}) 9... b5 10. Bc2 b4 (10... O-O $5
{Chekhov} 11. Nf3 $5) 11. Ne2 O-O 12. Rc1 (12. Qd2 $22 c5 13. Rd1) 12... bxc3
13. O-O (13. Bd3 $5 Ba6 14. Rxc3 $14) 13... Ba6 14. Bd3 e5 15. Bxa6 exd4 (15...
Nxa6 16. dxe5 Bxe5 17. f4 Bg7 18. e5 $16) 16. Bxd4 (16. Bb7 Ra7 (16... Ra7 {
Chekhov} 17. Bxd4 Bxd4 18. Qxd4 Qxd4 19. Nxd4 Rxb7 20. Rxc3 Rb4 $10)) (16. Nxd4
Nxa6 17. Nxc6 Qe8 $44) 16... Nxa6 17. Rxc3 c5 18. Bxg7 Qxd1 19. Rxd1 Kxg7 20.
Rcd3 (20. Ra3 Nb4 21. Rc1 Rfc8 $13) (20. a3 Rfd8 21. Rxd8 Rxd8 22. f4 Rd2 23.
Kf2 Kf6 $13) (20. f3 {Chekhov} Rfd8 21. Rxd8 Rxd8 22. Kf2 Rd2 23. a3 Ra2 24.
Ke3 $14) 20... Nb4 21. R3d2 c4 22. f3 Rab8 (22... Nd3 23. Nc1 Nb4 24. a3 $14) (
22... Nd3 $5 {Chekhov}) 23. Kf2 Nd3+ 24. Ke3 a4 (24... f5 $5) 25. Nc3 a3 26.
Rb1 $1 Nb2 (26... Rxb1 27. Nxb1 Ra8 28. Kd4 $16) (26... Rb2 {Chekhov} 27. Rdxb2
Nxb2 (27... axb2 28. Kd4 Rc8 29. Nd5 $22 f6 30. Ne3 $16) 28. Nb5 Rd8 29. Nxa3
Rd3+ 30. Ke2 Rxa3 (30... c3 $4 31. Rxb2 $18) 31. Rxb2 h5 $14) 27. Rd5 $2 (27.
g4 $1 f5 28. gxf5 gxf5 29. e5 Rfe8 30. Rg1+ $16) 27... f5 $1 28. Rc1 (28. e5 $5
) (28. Kd4 $5 {Chekhov}) 28... fxe4 29. fxe4 Nd3 30. Rc2 Rb2 31. Re2 Nb4 (31...
Rxe2+ {Chekhov} 32. Nxe2 Nb4 33. Rd2 Rc8 34. Nc3 $14) 32. Rd7+ Rf7 33. Rdd2 (
33. Rxf7+ {Chekhov} Kxf7 34. Rxb2 axb2 35. a4 Ke6 36. Kd4 Na2 37. Nb1 c3 38.
Kd3 Ke5 39. a5 g5 40. a6 Nb4+ 41. Kxc3 Nxa6 42. Kxb2 Kxe4 43. Nc3+ Ke3 44. Nd5+
Kf2 45. Nf6 h6 46. g4 Kg2 47. Ng8 $10) 33... Nd3 34. Kd4 Rfb7 35. Rxb2 (35.
Kxc4 Nc1 36. Rf2 (36. Rxb2 {Chekhov} axb2 37. Re1 Nxa2 (37... b1=Q 38. Nxb1
Rxb1 39. Rf1 $10) 38. Nb1 Rc7+ 39. Kb3 Rc1 40. Re2 Rxb1 41. Kxa2 Rh1 42. Kxb2
Rxh2 $10) 36... Rc7+ 37. Kd4 Rb4+ $19) 35... axb2 36. Nb1 Nc1 (36... Rc7 $6 37.
a4) 37. Rf2 Nxa2 38. Kxc4 Rc7+ 39. Kd4 (39. Kb3 $2 Nc1+ 40. Kxb2 Nd3+ $19)
39... Rb7 40. e5 Nb4 41. Rxb2 Nc6+ 42. Kc3 Rxb2 43. Kxb2 Nxe5 44. Nd2 1/2-1/2

[Event "Grindavik"]
[Site "Grindavik"]
[Date "1984.??.??"]
[Round "9"]
[White "McCambridge, Vincent"]
[Black "Hjartarson, Johann"]
[Result "1-0"]
[WhiteElo "2465"]
[BlackElo "2415"]
[Annotator "Belov,I"]
[PlyCount "95"]
[EventDate "1984.03.??"]
[EventType "tourn"]
[EventRounds "11"]
[EventCountry "ISL"]
[EventCategory "8"]
[SourceTitle "MCL"]
[Source "ChessBase"]
[SourceDate "1999.07.01"]
[SourceVersion "1"]
[SourceVersionDate "1999.07.01"]
[SourceQuality "1"]

1. d4 Nf6 2. c4 g6 3. Nc3 d5 4. cxd5 Nxd5 5. e4 Nxc3 6. bxc3 Bg7 7. Nf3 c5 8.
Rb1 O-O 9. Be2 Nc6 10. d5 Ne5 11. Nxe5 Bxe5 12. Qd2 e6 13. f4 Bh8 $6 (13... Bg7
$5 {Tukmakov/}) 14. c4 Re8 15. e5 (15. O-O exd5 16. exd5 Bd4+ $10) 15... f6 16.
f5 $3 (16. d6 fxe5 17. O-O e4 $1 18. Bb2 Bxb2 19. Rxb2 b6 $15 {Olafsson,
H-Gutman,L /Grindavik/1984/}) 16... gxf5 (16... fxe5 17. fxg6 $1 hxg6 18. O-O
exd5 19. Qh6 $1 Qd6 20. Bh5 $18) (16... exd5 17. fxg6 hxg6 18. cxd5 Rxe5 19.
O-O $16 {Agzamov,G-Pribyl,J/Sochi/1984/}) 17. Rb3 Re7 (17... Bg7 18. Rg3 fxe5
19. Qh6 Re7 20. Bb2 exd5 21. Bxe5 Qd7 22. Bf6 Rf7 23. O-O $16 {McCambridge/})
18. d6 $1 (18. Bb2 $6 fxe5 19. Qg5+ Bg7 20. Bxe5 h6 $1 $10 {Novikov,J-Tukmakov,
V/URS-ch/1984/1:0/34/}) 18... Rg7 19. exf6 Qxf6 20. Bb2 e5 21. Bxe5 $16 (21.
Re3 $5 Rxg2 22. Bxe5 $16) 21... Qxe5 22. Re3 Qe6 (22... Qa1+ 23. Kf2 Qxh1 24.
Re8+ Kf7 25. Bh5+ Rg6 26. Re7+ $1 Kf6 27. Qc3+ Kg5 28. Qg3+ Kf6 29. Bxg6 $1 $18
) 23. Rxe6 Bxe6 24. Qe3 Re8 25. Qxc5 $18 Rxg2 $5 (25... b6 26. Qb5 Rd8 27. c5)
26. d7 $6 (26. Rg1 $1) 26... Rxe2+ 27. Kxe2 Bxd7+ 28. Kd2 Be6 29. Qc7 (29. Rg1+
Kf7 30. Qc7+ Re7) (29. Qxa7 $5) 29... Bd4 30. Rb1 Bb6 31. Qg3+ Kf7 32. Qh4 Rd8+
33. Kc2 Rd4 34. Qxh7+ Kf6 35. Qh8+ Kf7 36. Qh7+ Kf6 37. Rxb6 $1 Rxc4+ 38. Kd3
axb6 39. h4 Ra4 40. Qh6+ Kf7 41. h5 $18 f4 42. Qg6+ Ke7 43. h6 Ra3+ 44. Ke4
Ra4+ 45. Ke5 Ra5+ 46. Kxf4 Ra4+ 47. Ke3 Ra3+ 48. Kd4 1-0

[Event "Ciocaltea Memorial"]
[Site "Bucharest"]
[Date "1993.??.??"]
[Round "?"]
[White "Kiselev, Sergey"]
[Black "Rogozenco, Dorian"]
[Result "1-0"]
[WhiteElo "2510"]
[BlackElo "2480"]
[Annotator "Belov,I"]
[PlyCount "117"]
[EventDate "1993.02.??"]
[EventType "tourn"]
[EventRounds "15"]
[EventCountry "ROU"]
[EventCategory "10"]
[SourceTitle "CBM 034"]
[Source "ChessBase"]
[SourceDate "1993.06.01"]
[SourceVersion "1"]
[SourceVersionDate "1993.06.01"]
[SourceQuality "1"]

1. d4 Nf6 2. c4 g6 3. Nc3 d5 4. cxd5 Nxd5 5. e4 Nxc3 6. bxc3 Bg7 7. Bb5+ c6 (
7... Bd7 $6 8. Be2 c5 9. Nf3 cxd4 10. cxd4 Qa5+ (10... Bc6 11. Qd3 Nd7 12. Rb1
a6 13. O-O O-O 14. d5 Bb5 15. Qe3 Bxe2 16. Qxe2 b5 17. a4 $1 bxa4 18. Ba3 Re8 {
Poluljakhov-Neverov/Katowice/1992/} 19. Rfc1 $1 Ne5 20. Nd4 $16 {Poluljakhov})
11. Bd2 Qa4 12. O-O O-O 13. Qxa4 Bxa4 14. Rab1 $1 $16 {Kramnik,V-Lputian,Sm/
Dortmund/1992/}) 8. Ba4 O-O (8... b5 $5 9. Bb3 b4 10. Ne2 bxc3 11. Be3 O-O (
11... Ba6 12. Rc1 $1 Nd7 13. e5 e6 14. Nxc3 c5 15. f4 cxd4 16. Qxd4 O-O 17. Kf2
Bb7 {Kiselev-Krasenkov/Katowice/1992/} 18. Rhf1 $14) 12. Rc1 Nd7 13. e5 c5 14.
e6 $5 $132 {Kiselev-Krasenkov/Russia/1992/}) 9. Ne2 e5 (9... c5 10. O-O Nc6 11.
Be3 Qc7 12. Rc1 e6 (12... Na5 $5) 13. Bf4 $1 Qe7 14. Qd2 Bd7 15. dxc5 e5 16.
Bg5 f6 17. Be3 Be6 18. Bb3 Rad8 19. Bd5 {Kramnik-Moutousis/Arnhem/1992/}) 10.
O-O Nd7 (10... Qe7 $5 11. Bc2 (11. Qc2 $5) 11... Rd8 12. a4 Be6 13. Ba3 Qe8 $1
14. Bd3 Nd7 15. a5 Rac8 16. Rb1 b5 17. axb6 axb6 $132 {Kramnik,V-Stohl,I/
Chalkidiki/1992/}) 11. Bb3 $5 $146 (11. Ba3 $5 Re8 12. Bb3 {Shirov,A-Smejkal,J/
BRD/1992/} exd4 $5 $132 {Shirov,A}) (11. Be3 Nb6 12. Bb3 Re8 13. Qc2 Be6 $10)
11... Qe7 12. Qc2 Re8 13. f3 Nb6 14. a4 $1 $16 Be6 15. a5 Bxb3 $6 (15... Nd7
16. Ba3 $14) 16. Qxb3 Nc8 17. Be3 Qc7 (17... Nd6 {/\ Qe6}) 18. Ng3 Rd8 19. dxe5
Bxe5 (19... Qxe5 20. Qxb7) 20. f4 Bg7 21. e5 $16 Rb8 22. Ne4 b6 23. axb6 axb6
24. c4 (24. Rfd1 $5) 24... c5 (24... b5 $6 25. cxb5 Rxb5 26. Qc2 {/\ Rfc1}) 25.
Rfd1 Ne7 26. Rxd8+ Rxd8 27. Rd1 (27. Rb1 Nf5 28. Bf2 Qc6 29. Qxb6 $140 $2 Rd1+)
27... Nc6 28. Rd5 Nb4 (28... Ne7 29. Rd3 {/\ Qd1}) 29. Rd6 $142 $6 (29. Rd2 $5
{/\ Qd1}) 29... Rxd6 30. Nxd6 Qd8 $6 (30... f6 31. Qa4 $36) (30... Qa7) 31. Bd2
Nc6 32. Qf3 $1 Ne7 33. Qb7 $18 h6 (33... f6 $5 34. Bc3 fxe5 35. Bxe5 Bxe5 36.
fxe5 $18) 34. Bc3 f6 35. Qe4 $6 (35. exf6 Qxd6 36. Qxe7 Qd1+ 37. Kf2 Qc2+ 38.
Qe2 Qxc3) (35. h3 $142 $16) 35... fxe5 36. Bxe5 Qf8 37. h3 Kh7 38. Bxg7 $2 (38.
Qb7 $1) 38... Qxg7 39. Qe6 Ng8 40. Ne4 Qc7 (40... Qe7 41. Qc6 {/\ Kf2-f3}) 41.
g3 Qa7 42. Kg2 Qa2+ 43. Kf3 Qb3+ 44. Ke2 Qc2+ (44... Qb2+ $5 45. Nd2 h5) 45.
Nd2 Qf5 $6 (45... Qb2 $5) 46. Qxb6 Qxh3 47. Qa7+ Kh8 48. Qa1+ Kh7 49. Ne4 Qe6 (
49... Qg2+ 50. Ke3 {/\ Qa7,Qc5+-}) 50. Qa7+ Qe7 (50... Kh8 51. Kd3 $18) 51.
Qxe7+ Nxe7 52. Nxc5 g5 53. fxg5 hxg5 54. g4 $1 Ng6 55. Nd3 Kg7 56. Ke3 Kf6 57.
Kd4 Ke6 58. Nc5+ Ke7 59. Ne4 1-0

[Event "YUG-chT"]
[Site "Igalo"]
[Date "1994.??.??"]
[Round "4"]
[White "Sekulic, Dusan"]
[Black "Horvath, Jozsef"]
[Result "1-0"]
[WhiteElo "2320"]
[BlackElo "2520"]
[Annotator "Belov,I"]
[PlyCount "49"]
[EventDate "1994.??.??"]
[EventType "team"]
[EventRounds "9"]
[EventCountry "YUG"]
[SourceTitle "EXT 2000"]
[Source "ChessBase"]
[SourceDate "1999.11.16"]
[SourceVersion "1"]
[SourceVersionDate "1999.11.16"]
[SourceQuality "1"]

1. d4 Nf6 2. c4 g6 3. Nc3 d5 4. cxd5 Nxd5 5. e4 Nxc3 6. bxc3 Bg7 7. Bb5+ c6 8.
Ba4 b5 9. Bb3 b4 10. Ne2 bxc3 11. Be3 Nd7 (11... O-O 12. Rc1 Nd7 13. e5 c5 14.
f4 cxd4 15. Qxd4 Ba6 16. Nxc3 Rc8 17. Kf2 Nc5 18. Qxd8 Rfxd8 19. Bxc5 Rxc5 20.
Ne4 $16 {Vyzmanavin,A-Tukmakov,V/Burgas/1993/1:0 (38)}) 12. O-O $5 (12. Rc1 Ba6
13. e5 e6 14. f4 (14. Nxc3 c5 15. f4 O-O 16. h4 Qa5 17. Kf2 Rad8 18. Ne4 $13 {
Vyzmanavin,A-Vakhidov,T/Luzern/1993/0.5 (43)}) 14... Qa5 15. Nxc3 O-O 16. Qd2
c5 17. Ne4 Qxd2+ 18. Kxd2 $14 {Gleizerov,E-Urban,K/POL/1994/}) 12... Ba6 13.
Re1 Qa5 (13... O-O $142 14. Rc1 (14. Nxc3 $5) 14... c5 15. dxc5 Ne5 16. Bd5 Rc8
$1 17. Qa4 Bxe2 18. Rxe2 Nd3 $10) 14. Rc1 Rd8 (14... O-O 15. e5 e6 16. Nxc3 c5
17. f4 $16) (14... c5 15. Nxc3 cxd4 16. Bxd4 $16) (14... Bxe2 15. Qxe2 c5 (
15... O-O 16. Qc4) 16. e5 cxd4 17. Bxd4 $16) 15. Qc2 (15. Nxc3 O-O 16. Qc2 c5
$14) 15... c5 16. e5 $1 (16. Qxc3 $2 Qxc3 17. Rxc3 Bxe2 $19) (16. d5 O-O $13)
16... cxd4 17. Bxd4 Bxe5 (17... Nxe5 18. Bxc3 Qb6 19. Qb2 $16) 18. Bxc3 Bxc3 $6
(18... Qc7 $142 19. Bxe5 Qxc2 (19... Qxe5 20. Nc3 Qg7 21. Nd5 $16) 20. Rxc2
Nxe5 21. Ba4+ Kf8 22. Rc7 $44) 19. Nxc3 $16 Nb6 (19... O-O 20. Rxe7 $16) 20.
Qe4 Rd7 21. Na4 $5 O-O (21... Bb7 22. Qf4 O-O 23. Nc5 $18) 22. Nc5 Rdd8 (22...
Rc7 23. Nxa6 Rxc1 24. Rxc1 Qxa6 25. Qxe7 $18) 23. Qxe7 Nc8 24. Qf6 $18 Rd6 (
24... Bb5 25. Ne6 $18) 25. Bxf7+ (25. Bxf7+ Rxf7 26. Re8+ $18) 1-0

[Event "Katowice op"]
[Site "Katowice"]
[Date "1995.??.??"]
[Round "5"]
[White "Czerwonski, Aleksander"]
[Black "Malisauskas, Vidmantas"]
[Result "1/2-1/2"]
[WhiteElo "2370"]
[BlackElo "2520"]
[Annotator "Belov,I"]
[PlyCount "155"]
[EventDate "1995.??.??"]
[EventType "swiss"]
[EventRounds "9"]
[EventCountry "POL"]
[SourceTitle "EXT 2000"]
[Source "ChessBase"]
[SourceDate "1999.11.16"]
[SourceVersion "1"]
[SourceVersionDate "1999.11.16"]
[SourceQuality "1"]

1. d4 Nf6 2. c4 g6 3. Nc3 d5 4. cxd5 Nxd5 5. e4 Nxc3 6. bxc3 Bg7 7. Bb5+ c6 8.
Ba4 O-O 9. Ne2 b6 $5 (9... b5 10. Bb3 a5 11. O-O Nd7 12. Bg5 Nb6 13. a3 Qc7 14.
Qd2 c5 15. Bh6 $14 {Kramnik,V-Kasparov,G/Paris Immopar(25')/1992/0,5/30/}) (
9... Be6 $5 10. h4 Bc4 11. Bb3 Bxb3 12. Qxb3 Qb6 13. h5 e5 14. hxg6 {Kramnik,
V-Kamsky,G/Dortmund/1993/0,5/}) (9... c5 10. O-O cxd4 11. cxd4 Nc6 12. Be3 Qa5
13. Rc1 Rd8 14. d5 $16 {Czerwonski,A-Solokangas,H/EUCup Lubniewice/1994/1:0/50/
}) (9... e5 10. O-O Nd7 11. Ba3 Re8 12. f4 exd4 13. f5 $36 {Zueger,B-Van Mil,J/
Mitropa-Cup/1993/0,5/63/}) 10. Be3 (10. h4 e5 11. h5 exd4 12. hxg6 hxg6 13.
cxd4 Ba6 14. Be3 Qe7 15. Bc2 Qb4+ 16. Bd2 Qc4 17. e5 Rd8 $17 {Sokolov,
I-Malisauskas,V/Moscow olm/1994/0,5/44/}) (10. O-O Bb7 (10... Ba6 $5 11. Re1
Qc7 (11... c5 $5) 12. Be3 Nd7 13. Rc1 e5 14. Qd2 $14 {Holm,S-Smeikal,J/
Polanica Zdroj/1972/0:1/54/}) 11. Bg5 c5 12. d5 Qd6 13. Qd2 e6 14. Rad1 $16 {
Bareev,E-Sokolov,I/Debrecen E-ch/1992/1:0/30/}) 10... Ba6 11. h4 $6 (11. O-O c5
12. d5 Bxe2 13. Qxe2 Bxc3 14. Rad1 $44) 11... e5 12. Qd2 exd4 13. cxd4 c5 14.
Rd1 Bxe2 15. Kxe2 (15. Qxe2 cxd4 16. Qc4 Qe7 $17) 15... Qc8 16. Bb3 (16. d5 $2
Qa6+ $19) 16... c4 (16... Qg4+ $2 17. f3 Qxg2+ 18. Bf2 $18) 17. Bc2 Nc6 18. h5
$6 (18. f3 Rd8 19. Qc3 b5 20. Kf2 Qd7 21. Rd2 Rac8 $13) 18... Rd8 19. hxg6 hxg6
20. Qc3 b5 21. Kf1 (21. f3 b4 22. Qxc4 Nxd4+ $19) 21... b4 (21... Qb7 $140 22.
g3 Rac8 23. Kg2 b4 $17) (21... Qd7 $5 22. e5 Ne7 23. Be4 Nd5 $17) 22. Qxc4 Nxd4
$1 23. Qxc8 Raxc8 24. Ba4 $8 Nb5 $1 25. Rxd8+ Rxd8 26. Bxb5 $8 (26. Kg1 Nc3 27.
Bb3 Nxe4 $17) (26. f3 Nc3 27. Bb3 a5 28. Kf2 a4 29. Bc4 Rc8 $19) 26... Rd1+ 27.
Ke2 Rxh1 28. Bxa7 $15 Rc1 29. Ba4 Rc4 30. f3 Rc1 31. Bb3 Rb1 32. f4 Rb2+ 33.
Kf3 Bc3 34. Bc5 Kg7 35. e5 Rd2 36. Be3 Rd8 37. e6 fxe6 (37... f5 38. g4 fxg4+
39. Kxg4 Kf6 40. Bf2 Rd2 41. Bh4+ $10) 38. Bxe6 Bd4 39. Bxd4+ Rxd4 40. Bb3 Kf6
41. Ke3 Rd8 42. Kf3 Rd3+ 43. Kg4 Re3 44. Bc4 Ke7 45. Bb3 Kf6 46. g3 Rd3 47. Bc4
Rd4 48. Bb3 g5 49. Kf3 Rd7 50. fxg5+ Kxg5 51. Ke4 Rd2 52. Ke3 Rd6 53. Ke4 Rc6
54. Kd5 Rc3 55. Kd6 Rc8 56. Be6 Rc3 57. g4 Rc1 58. Kd5 Kf6 (58... Rc2 59. Kd6
Kf6 60. Bb3 Rg2 61. Be6 Rd2+ 62. Bd5 Kg5 63. Kc5 $10) 59. Bf5 Rc3 (59... Ra1
60. Kc4) 60. Kd6 Kg5 61. Kd5 Kf4 62. Kd4 Rc1 63. Be6 Rc7 64. Bf5 Kf3 65. Be6
Kf4 66. Bf5 Rc6 67. Kd5 Rc3 68. Kd4 Rc7 69. Be6 Kg5 70. Bf5 Kf6 71. Kd5 Rc3 72.
Kd6 Rc1 73. Kd5 Kg5 74. Be6 Rc2 75. Kd4 Rc7 76. Bf5 Kf4 77. Be6 Rc2 78. Bc4
1/2-1/2

[Event "AUT-chT"]
[Site "Austria"]
[Date "1993.??.??"]
[Round "?"]
[White "Chernin, Alexander"]
[Black "Stohl, Igor"]
[Result "1-0"]
[WhiteElo "2615"]
[BlackElo "2545"]
[Annotator "Bulletin"]
[PlyCount "103"]
[EventDate "1993.??.??"]
[EventType "team"]
[EventRounds "11"]
[EventCountry "AUT"]
[SourceTitle "CBM 038"]
[Source "ChessBase"]
[SourceDate "1994.02.01"]
[SourceVersion "1"]
[SourceVersionDate "1994.02.01"]
[SourceQuality "1"]

1. d4 Nf6 2. c4 g6 3. Nf3 Bg7 4. Nc3 d5 5. cxd5 Nxd5 6. e4 Nxc3 7. bxc3 c5 8.
Rb1 O-O 9. Be2 Nc6 (9... Qa5) (9... cxd4 10. cxd4 Qa5+) (9... Bg4) 10. d5 Bxc3+
(10... Ne5 11. Nxe5 Bxe5 12. Qd2 (12. c4 Qc7 13. h3 f5 14. exf5 Bxf5 15. Rb3
Bd4 16. O-O e5)) 11. Bd2 Bxd2+ 12. Qxd2 Na5 (12... Nd4 13. Nxd4 cxd4 14. Qxd4)
13. h4 Bg4 14. Ng5 Bxe2 15. Kxe2 h6 (15... e6 16. h5 h6 17. Nh7 g5 18. Nxf8
Kxf8 19. Qc3 $16) (15... e5 16. h5 Qf6 17. hxg6 fxg6 18. f3 $5) 16. Nh3 Kh7 17.
Qc3 b6 (17... e5 18. dxe6 Qd4 (18... fxe6 19. Ng5+ hxg5 20. hxg5+ Kg8 21. Rh8+
Kf7 22. Rh7+ Ke8 23. Qg7 $1) 19. Qxd4 cxd4 20. exf7 Rxf7 21. Rhc1 $18) 18. Ng5+
{Ermenkov-Mrda, Baden-Baden 1988} Kg8 19. h5 hxg5 20. hxg6 fxg6 21. Rh8+ Kf7
22. Rh7+ Ke8 23. Qg7 $18 Kd7 (23... Nc4 $6 24. Qxg6+ Kd7 25. Qc6#) (23... Qd6
$18 24. e5) (23... Qd7 $14) 24. d6 $1 Qe8 25. dxe7 Rg8 (25... Rf4 26. Qe5 Nc6
27. Rd1+ Nd4+ 28. Rxd4+ cxd4 29. Qxd4+ Kc7 30. g3) 26. Qe5 Nc6 27. Rd1+ Nd4+
28. Rxd4+ cxd4 29. Qd5+ Kc7 30. Qxa8 Qb5+ 31. Kf3 Re8 (31... Qd3+ 32. Kg4 Qe2+
33. Kg3 $18) 32. g3 (32. Qxa7+ Kd6 33. Qb7 $4) 32... Kd6 (32... g4+ $2 33. Kg2
Qc6 34. Qxa7+ Kd6 35. Qa3+ Ke5) 33. e5+ Ke6 34. Qe4 Qd5 35. Rg7 g4+ 36. Kf4
Qxe4+ 37. Kxe4 d3 38. Rxg6+ Kxe7 39. Kxd3 Rf8 40. Ke2 Rf5 41. Rxg4 Rxe5+ 42.
Kf3 Kf6 43. Ra4 a5 44. g4 Rc5 45. Kg3 Rc3+ 46. f3 Kg6 47. Rd4 Ra3 48. Rd6+ Kg7
49. Rxb6 Rxa2 50. Ra6 a4 51. Kf4 a3 52. Kf5 1-0